1720 1562 1672 1864 1529 1457 1010 1886 1992 1713 1663 1503 1415 1857 1456 1301 1029 1568 1160 1647 1608 1566 1137 1487 1282 1239 1002 1614 1705 1166 1962 1336 1331 1693 1335 1180 1443 1562 1198 1710 1248 1426 1692 1667 1511 1556 1301 1464 1797 1123 1497 1076 1049 1521 1686 1729 1180 1184 1195 1267 1685 1178 1717 1618 1799 1646 1044 1235 1359 1342 1988 1981 1225 1038 1015 1126 1129 1687 1947 1359 1044 1041 1727 1182 1033 1132 1595 1188 1277 1241 1533 1994 1672 1509 1985 1364 1874 1117 1682 BCNSPRNW ULIB Ver.6.0+V

เปลี่ยนเป็นภาษาไทย

Change to English
 แสดงรายละเอียดบรรณานุกรม
  กลับหน้าหลัก

Brief Record : Get Marc (ISO 2709) : E-mail record : QR code < ปิดหน้าต่าง
LEADER : 00000nam 2200000uu 4500
001    13399122487
003     ULIB
008    970410s2537 th m 000 0 tha d
099    ^aวพ.WY150^bว692ป
100 0  ^aวิราภรณ์ ระดาวิริยะกุล
245 10 ^aปัจจัยคัดสรรที่มีความสัมพันธ์กับการปฏิบัติการพยาบาลผู้สูงอายุของพยาบาลวิชาชีพในโรงพยาบาลประจำจังหวัด สังกัดกระทรวงสาธารณสุขภาคตะวันออกเฉียงเหนือของประเทศไทย =^bThe relationship of selected factors and the nursing practice for the elderly of professional nurses in Provincial Hospital under Ministry of Public Health in theNorth Eastern, Thailand /^cวิราภรณ์ ระดาวิริยะกุล
246 31 ^aRelationship of selected factors and the nursing practice for the elderly of professional nurses in Provincial Hospital under Ministry of Public Health in the North Eastern, Thailand
260    ^a^c2537
300    ^aก-ญ, 167 แผ่น ;^c30 ซม.
500    ^aSend to Single Search
502    ^aวิทยานิพนธ์ (วท.ม. (สาธารณสุขศาสตร์))--มหาวิทยาลัยมหิดล, 2537
610 24 ^aมหาวิทยาลัยมหิดล^xวิทยานิพนธ์
610 24 ^aมหาวิทยาลัยมหิดล. ^bคณะสาธารณสุขศาสตร์^xวิทยานิพนธ์
650  4 ^aการพยาบาลผู้สูงอายุ
650  4 ^aพยาบาลวิชาชีพ
650  4 ^aพยาบาลวิชาชีพกับผู้สูงอายุ
650  4 ^aผู้สูงอายุ
691    ^aวท.ม. (2537)
692    ^aพยาบาลสาธารณสุข (มหาวิทยาลัยมหิดล 2537)
710 2  ^aมหาวิทยาลัยมหิดล
710 2  ^aมหาวิทยาลัยมหิดล. ^bคณะสาธารณสุขศาสตร์
710 22 ^aมหาวิทยาลัยมหิดล.^tวิทยานิพนธ์
710 22 ^aMahidol University.^tThesis
945    ^p0^l0^i023437
999    ^aกมลทิพย์ ธนสารสุธี
รายการนี้ยังไม่มีแท็ก
คุณยังไม่ได้ล็อกอิน คุณสามารถมีกิจกรรมร่วมกับเว็บไซต์ได้ แต่ต้องล็อกอินก่อน ::
  ล็อกอิน

รายการสื่อสารสนเทศ

ลำดับที่ ประเภท เลขเรียก/บาร์โค้ด สถานที่ สถานะ
1. วิทยานิพนธ์
วิทยานิพนธ์
วพ.WY150 ว692ป  
  Barcode: 023437
ห้องสมุดวิทยาเขตสวรรค์ประชารักษ์
► วิทยานิพนธ์
บนชั้น

รายการใกล้เคียง
    หัวเรื่อง [การพยาบาลผู้สูงอายุ]
    หัวเรื่อง [พยาบาลวิชาชีพ]
    หัวเรื่อง [ผู้สูงอายุ]

BibComment


ยังไม่เคยถูกคอมเมนท์

คอมเมนท์ทรัพยากรรายการนี้
  คอมเมนท์: ปัจจัยคัดสรรที่ม..


 Copyright 2026. Bcnsprnw @Library